Kam kráčame?

Bibliographic Details
Main Author: Šebo, Marián (Author)
Format: Article
Language:Slovak
PhysicalDescription:Fotogr.
ISSN:0231-8768
Subjects:

MARC

LEADER 00000nab a2200000 a 4500
001 vtls010186089
003 SK-MaSNL
005 20260304154728.0
008 250507c2010 xo ||||||||||||00 b|slo
015 |a SNBRB2010/11  |2 snkbucl 
035 |a (uuid)bc54af92-e031-4487-b431-79b76efbbb52 
035 |a urn:nbn:sk:snk-abeuxh 
035 |a (urnnbn)urn:nbn:sk:snk:ar-0072qv 
038 |a SNKBUCL 
040 |a SNKBUCL  |b slo  |c SNKBUCL  |e AACR2 
041 0 |a slo 
044 |a xo  |c SK 
080 |a 639.1  |2 2001 
080 |a 502.3  |2 1997 
100 1 |a Šebo, Marián  |4 aut  |9 397483 
245 1 0 |a Kam kráčame?  |c Marián Šebo 
300 |b Fotogr. 
650 0 7 |a poľovníctvo  |2 snkbucl  |9 2774 
650 0 7 |a spoločnosť  |2 snkbucl  |9 1013 
650 0 7 |a mládež  |2 snkbucl  |9 1575 
773 0 |t Poľovníctvo a rybárstvo  |g Roč. 62, č. 11 (2010), s. 46-47  |x 0231-8768 
850 |a Slovenská národná knižnica 
852 |a Slovenská národná knižnica 
954 |a odborná, vedecká literatúra pôvodná (slovenská)  |2 lita 
958 |a article27 
958 |a OND 
958 |a EUIPO 
999 |c 2959021  |d 2960951